000 01153nam a2200265Ia 4500
003 OSt
005 20220930094712.0
006 a|||||r|||| 00| 0
007 ta
008 220926b |||||||| |||| 00| 0 hin d
024 _a118
037 _cTheses
040 _aCRL
_cCRL
_bhin
041 _2hin
_ahin
100 _aउदार, रविता
110 _aदिल्ली विश्वविद्यालय. संकाय कला. हिन्दी विभाग
245 0 _aहिन्दी के स्त्री नाट्य - लेखन में द्वंद्व और विद्रोह चेतना
246 _aHindī ke strī nāṭya - lekhan mean dvandva aur vidroh chetanā
260 _c2012
650 _aहिन्दी साहित्य
700 _a टण्डन, पूरनचंद, गा.
700 _aदिल्ली विश्वविद्यालय. संकाय कला. हिन्दी विभाग
942 _cDIS
_2CC
999 _c887530
_d887530